000 01526nam a2200313 a 4500
001 47137
003 BD-RjUL
005 20211209054250.0
008 160807s1967 pk f 000 0 eng
035 _a(BD-RjUL)47256
035 _a(OCoLC)11081168
040 _aDLC
_cCLS
_dDLC
_beng
041 _aeng
082 _a304
_bSHH 1967
100 _aShafi, M.
_9143535
110 1 _aPakistan.
_kLaws, statutes, etc.
_9143544
245 1 0 _aHandbook of workmen's compensation legislation :
_bcontaining the Workmen's compensation act with commentary and rules framed thereunder in East and West Pakistan /
_c M. Shafi.
250 _a1967 ed.
260 _aKarachi :
_bBureau of Labour Publications,
_c1967
300 _a126 p. ;
_c24 cm.
505 0 _aThe Workmen's compensation act, 1923.--The Employers' liability act, 1938.--The Fatal accidents act, 1855.--East Pakistan workmen's compensation rules, 1924.--East Bengal workmen's compensation (registration of cases) rules, 1953.--East Bengal workmen's compensation rules concerning fees and costs.--West Pakistan workmen's compensation rules, 1961.
650 0 _aWorkers' compensation
_zPakistan.
_9133120
710 1 _aPakistan.
_kLaws, statutes, etc.
_tWorkmen's compensation act, 1923.
_9133169
710 1 _aPakistan.
_kLaws, statutes, etc.
_tEmployers' liability act, 1938.
_9143537
710 1 _aPakistan.
_kLaws, statutes, etc.
_tFatal accidents act, 1855.
_9133171
740 0 _aWorkmen's compensation legislation.
942 _2ddc
_cBK
999 _c47137
_d47137